01267nam a2200301 i 4500003000900000005001700009006001900026007000300045008004100048040002500089082001400114245016500128246007600293264003400369300005200403336002700455337003200482338002800514500007200542533006900614590002700683700003300710700004400743710004500787942001400832952010200846999001700948DO-SdBNP20230417094033.0a|||||r|||| 00| 0 ta230417t1953 mx ab||gr|||| 000 u spa d aDO-SdBNPbspacBNPHU 4222bN527b aBreve historia de los Estados Unidos :bbiografía de un pueblo libre. /cAllan Nevins y Henry Steele Commager; traducción del inglés, Florentino M. Torner11aThe pocket history of the United States :bthe story of a free people.30aNazas, México :bCGE,c1953 a464 páginas :bilustraciones, mapas ;c20 cm. 2rdacontenatextobtext 2rdamediaasin mediciónbn 2rdacarrieravolumenbnc a(Texto especialmente revisado por los autores para esta edición.) aTextobMéxico, D. F.cImprenta Nuevo Mundo, Mexico D: F.d1953 aInventariado 2023 / MF1 94390aCommager, Henry Steele1 945232aTorner, Florentino M.etraductor acompañía General de Ediciones983262 2ddccLBS1 00102ddc56708GRaBNPHUbBNPHUcCTd2023-04-17oN527bp2023-1400r2023-04-17w2023-04-17yLBS1 c53272d53272